General Knowledge Grab Bag III Quiz Stats

 Plays Quiz Updated May 6, 2015

Support Sporcle.
Go Orange.
Score 0/55 Timer 10:00
9 Plays Today
Hint Answer % Correct
8 Solar System PlanetsMars
93.7%
8 Solar System PlanetsEarth
93.2%
8 Solar System PlanetsSaturn
91.9%
8 Solar System PlanetsJupiter
91.5%
8 Solar System PlanetsVenus
91.3%
8 Solar System PlanetsUranus
90.3%
8 Solar System PlanetsMercury
89.6%
8 Solar System PlanetsNeptune
87.5%
5 Great LakesMichigan
81.7%
4 Tennis MajorsWimbledon
80.1%
10 Provinces Of CanadaQuébec
79.8%
10 Provinces Of CanadaOntario
78.9%
5 Great LakesOntario
78.9%
5 Great LakesErie
78.3%
4 Tennis MajorsUS Open
77.2%
5 Great LakesSuperior
76.7%
2 Elements That Start With 'Z'Zinc
76.4%
7 Deadly SinsGreed
76.3%
7 Deadly SinsLust
73.4%
4 Tennis MajorsFrench Open
71.8%
4 Tennis MajorsAustralian Open
71.3%
7 Deadly SinsSloth
70.9%
3 Branches Of The US GovernmentJudicial
70%
7 Deadly SinsGluttony
69.9%
7 Deadly SinsEnvy
69.4%
3 Branches Of The US GovernmentLegislative
69.3%
5 Great LakesHuron
68.7%
3 Branches Of The US GovernmentExecutive
67%
Hint Answer % Correct
9 Brady Bunch Household MembersJan Brady
66.1%
6 Wives Of Henry VIIIAnne Boleyn
57.2%
10 Provinces Of CanadaBritish Columbia
52.5%
7 Deadly SinsWrath
52.1%
10 Provinces Of CanadaAlberta
51.7%
10 Provinces Of CanadaNewfoundland and Labrador
51.6%
9 Brady Bunch Household MembersMarcia Brady
50.3%
7 Deadly SinsPride
49.8%
6 Wives Of Henry VIIICatherine of Aragon
46.7%
10 Provinces Of CanadaNova Scotia
44.1%
1 World Capital That Starts With 'Q'Quito
43%
9 Brady Bunch Household MembersGreg Brady
41.7%
10 Provinces Of CanadaSaskatchewan
41.6%
2 Elements That Start With 'Z'Zirconium
41.5%
9 Brady Bunch Household MembersBobby Brady
41.5%
9 Brady Bunch Household MembersCindy Brady
40.6%
9 Brady Bunch Household MembersPeter Brady
40.4%
9 Brady Bunch Household MembersAlice Nelson
40%
10 Provinces Of CanadaPrince Edward Island
39.9%
10 Provinces Of CanadaManitoba
39.8%
6 Wives Of Henry VIIIJane Seymour
36.9%
9 Brady Bunch Household MembersMike Brady
35.6%
9 Brady Bunch Household MembersCarol Brady
33.9%
6 Wives Of Henry VIIICatherine Parr
32.9%
6 Wives Of Henry VIIIAnne of Cleves
31.9%
10 Provinces Of CanadaNew Brunswick
27.1%
6 Wives Of Henry VIIICatherine Howard
23.6%

From the Vault

Who's That Actor II

by mikedraven

Movies 5m
So, who was that actor who played that one guy in that film about the stuff, you know, and he was trying to get that girl?
Remove Ads.
Support Sporcle.
Get the best of Sporcle when you Go Orange. This ad-free experience offers more features, more stats, and more fun while also helping to support Sporcle. Thank you for becoming a member.

Show Comments

Extras

Top Quizzes Today


Score Distribution

Your Account Isn't Verified!

In order to create a playlist on Sporcle, you need to verify the email address you used during registration. Go to your Sporcle Settings to finish the process.

Report this User

Report this user for behavior that violates our Community Guidelines.

Details: